| 000 | 00417nam a22001697a 4500 | ||
|---|---|---|---|
| 999 |
_c532676 _d532676 |
||
| 003 | NUST | ||
| 005 | 20191128094057.0 | ||
| 008 | 191127b ||||| |||| 00| 0 eng d | ||
| 027 | _q B07C88JRXW | ||
| 038 | _aMSOHAIL | ||
| 082 | _a297 ISR | ||
| 100 |
_aDr. Israr Ahmed _926279 |
||
| 245 |
_aCalling People unto .......\ _bAllah |
||
| 260 |
_aLahore _bMarkazi Anjuman _cc2003 |
||
| 300 | _ap; 44 | ||
| 942 |
_2ddc _cBK |
||